000 00484nam a22002057a 4500
001 22168
005 20260401100731.0
008 260401b |||||||| |||| 00| 0 spa d
041 _aESP
082 _a346C4
_b Z47
100 _aZavaleta Carruitero, Wilvelder [1932-...]
_eAUT
245 _aCódigo civil
260 _a :
_b ,
_c2006
300 _a691 páginas :
_b ;
_c24 cm.
440 _a ;
650 _aDER
654 _aCDE
700 _a;
942 _cLIB
_dJUS
_fJUS
_n0
_2ddc
999 _c22168
_d22168